000 00531nam a2200157 a 4500
001 000028011
005 20200930031257.0
008 110406s199? dr 000 0 spa d
040 _aDO-SdBNP
_bspa
_cBNPHU
082 _axxxx
_bE24f
245 0 0 _aAcrobacia :
_bgimnasia de agilidad y destreza.
260 _aSanto Domingo :
_bSecretaría de Estado de Deportes, Educación Física y Recreación (SEDEFIR), Centro de Documentación,
_c[199?].
300 _a20 p. :
_b22 cm.
500 _aTítulo tomado de la cubierta
049 _aBNPD
999 _c27503
_d27503